[Event "The 2009 Stromash: Division 2"]
[Site "SchemingMind.com"]
[Date "2009.03.22"]
[Round "-"]
[White "cnile"]
[Black "classicalfiddler"]
[Result "1-0"]
[WhiteCountry "SCO"]
[BlackCountry "USA"]
[WhiteElo "1547"]
[WhiteRD "66"]
[BlackElo "1490"]
[BlackRD "81"]
[GameID "197344"]

1. e4 e5 2. Nf3 Nc6 3. Bb5 a6 4. Ba4 Nf6 5. O-O Be7 6. Re1 b5 7. Bb3 O-O 8. c3 d6 9. h3 Bb7 10. Bc2 Re8
11. d4 exd4 12. cxd4 Nb4 13. Bb3 Nxe4 14. d5 Nf6 15. Nc3 a5 16. Bg5 a4 17. Bc2 Nbxd5 18. Nxb5 Qd7 19. Bxa4 Bc6 20. Nfd4 Rab8
21. Nxc6 Rb6 22. Nxe7+ Nxe7 23. Nd4 c6 24. Bxf6 gxf6 25. Rc1 Kf8 26. Qd2 Qb7 27. Nxc6 Nxc6 28. Rxe8+ Kxe8 29. Qxd6
1-0

[Event "The 2009 Stromash: Division 2"]
[Site "SchemingMind.com"]
[Date "2009.03.22"]
[Round "-"]
[White "classicalfiddler"]
[Black "cnile"]
[Result "1-0"]
[WhiteCountry "USA"]
[BlackCountry "SCO"]
[WhiteElo "1490"]
[WhiteRD "81"]
[BlackElo "1547"]
[BlackRD "66"]
[GameID "197346"]

1. e4 e6 2. d4 d5 3. Nc3 Nf6 4. e5 Nfd7 5. f4 c5 6. dxc5 Bxc5 7. Qg4 Rg8 8. Bd2 Nc6 9. Nf3 a6 10. O-O-O f6
11. Qxe6+ Kf8 12. Qxd5 fxe5 13. Nxe5 Ncxe5 14. fxe5 Qb6 15. Na4 Nf6 16. exf6 gxf6 17. Nxb6 Bxb6 18. Qd6+ Kf7 19. Bc4+ Kg6 20. Bxg8 Bg4
21. Rdf1 Rxg8 22. Qxf6+ Kh5 23. Qxb6 Kh4 24. Qh6+ Bh5 25. Rf4+ Rg4 26. Qf6#
1-0

[Event "The 2009 Stromash: Division 2"]
[Site "SchemingMind.com"]
[Date "2009.04.04"]
[Round "-"]
[White "keen"]
[Black "cnile"]
[Result "0-1"]
[WhiteCountry "SCO"]
[BlackCountry "SCO"]
[WhiteElo "1654"]
[WhiteRD "58"]
[BlackElo "1533"]
[BlackRD "67"]
[GameID "199127"]

1. d4 Nf6 2. e3 c5 3. c3 cxd4 4. cxd4 e6 5. Bd3 d6 6. Nd2 Nc6 7. a3 a6 8. f4 b5 9. Ngf3 Bb7 10. O-O Be7
11. Qe2 O-O 12. b4 Nb8 13. Bb2 Nbd7 14. e4 Rc8 15. h3 Nb6 16. e5 dxe5 17. fxe5 Nfd5 18. Be4 Ba8 19. Nb3 Nc4 20. Rac1 Nf4
21. Qc2 Ne3 22. Qd2 Nxf1 23. Qxf4 Bxe4 24. Qxe4 Ng3 25. Qe1 Nf5 26. Nc5 Bxc5 27. bxc5 Qd5 28. Qb4 Ne3 29. Kf2 Nc4 30. Ba1 g6
31. Nd2 Nxd2 32. Qxd2 Rxc5 33. Bc3 Rc4 34. Re1 Rfc8 35. Re3 a5 36. Qb2 b4 37. axb4 axb4
0-1

[Event "The 2009 Stromash: Division 2"]
[Site "SchemingMind.com"]
[Date "2009.04.03"]
[Round "-"]
[White "keen"]
[Black "classicalfiddler"]
[Result "1-0"]
[WhiteCountry "SCO"]
[BlackCountry "USA"]
[WhiteElo "1710"]
[WhiteRD "60"]
[BlackElo "1490"]
[BlackRD "81"]
[GameID "199129"]

1. d4 d5 2. e3 Nf6 3. Bd3 Bg4 4. f3 Bh5 5. Nd2 Nc6 6. g4 Bg6 7. Qe2 a6 8. h4 Bxd3 9. cxd3 e6 10. Nh3 h6
11. a3 Qd7 12. b4 Bd6 13. f4 O-O-O 14. Bb2 Rhg8 15. Nb3 b6 16. Nf2 g5 17. hxg5 hxg5 18. Nh3 gxf4 19. Nxf4 Nxg4 20. O-O-O Bxf4
21. exf4 f5 22. Kb1 b5 23. Nc5 Qd6 24. Qxe6+ Qxe6 25. Nxe6 Rde8 26. Rde1 a5 27. Bc3 a4 28. Rh7 Ne7 29. Bd2 Kd7 30. Ng5 Nf6
31. Rf7 Nh5 32. Re5 Rgf8 33. Rxd5+ Kc6 34. Rc5+ Kb6 35. Rxf8 Rxf8 36. Ne6 Rc8 37. d5 Nf6 38. Be3 Ka6 39. Nxc7+ Kb7 40. d6 Nc6
41. Rxb5#
1-0

[Event "The 2009 Stromash: Division 2"]
[Site "SchemingMind.com"]
[Date "2009.04.04"]
[Round "-"]
[White "cnile"]
[Black "keen"]
[Result "0-1"]
[WhiteCountry "SCO"]
[BlackCountry "SCO"]
[WhiteElo "1547"]
[WhiteRD "66"]
[BlackElo "1710"]
[BlackRD "60"]
[GameID "199130"]

1. e4 c5 2. Nf3 d6 3. Nc3 Nc6 4. Bc4 Nf6 5. O-O g6 6. d4 cxd4 7. Nxd4 Bg7 8. Be3 O-O 9. Qd2 Ne5 10. Bb3 Neg4
11. f3 Nxe3 12. Qxe3 e6 13. Rfd1 a6 14. Nce2 Qb6 15. Kh1 Qa7 16. Qd2 e5 17. Nf5 gxf5 18. Qxd6 fxe4 19. fxe4 Nxe4 20. Qxe5 Bxe5
0-1

[Event "The 2009 Stromash: Division 2"]
[Site "SchemingMind.com"]
[Date "2009.04.03"]
[Round "-"]
[White "classicalfiddler"]
[Black "keen"]
[Result "0-1"]
[WhiteCountry "USA"]
[BlackCountry "SCO"]
[WhiteElo "1490"]
[WhiteRD "81"]
[BlackElo "1710"]
[BlackRD "60"]
[GameID "199132"]

1. e4 c5 2. Nf3 d6 3. d4 cxd4 4. Nxd4 Nc6 5. Nc3 Nf6 6. Bg5 g6 7. Bxf6 exf6 8. Bc4 Bg7 9. Ndb5 O-O 10. Nxd6 Ne5
11. Bb3 Qe7 12. Nxc8 Raxc8 13. O-O Rfd8 14. Qe2 Nc6 15. Rad1 Nd4 16. Qe3 Nxb3 17. axb3 a6 18. g3 f5 19. Rfe1 Bxc3 20. bxc3 fxe4
21. c4 Re8 22. Rd4 f5 23. Kg2 Rcd8 24. Rxd8 Qxd8 25. h4 Re7 26. Kh3 Rd7 27. f3 Re7 28. Qf4 Qd7 29. c3 Qd3 30. Re3 Qf1+
31. Kh2 Rd7 32. fxe4 Rd2+
0-1

[Event "The 2009 Stromash: Division 2"]
[Site "SchemingMind.com"]
[Date "2009.04.28"]
[Round "-"]
[White "Brerrabbit"]
[Black "keen"]
[Result "0-1"]
[WhiteCountry "SCO"]
[BlackCountry "SCO"]
[WhiteElo "1324"]
[WhiteRD "77"]
[BlackElo "1654"]
[BlackRD "58"]
[GameID "202392"]

1. e4 c5 2. d4 cxd4 3. c3 dxc3 4. Nxc3 Nc6 5. Bc4 e6 6. Nf3 Be7 7. O-O Nf6 8. e5 Ng4 9. Be3 Ngxe5 10. Ng5 Nxc4
11. Qf3 Bxg5 12. Bxg5 Qxg5 13. Rae1 O-O 14. Re4 N4e5 15. g3 Nxf3+
0-1

[Event "The 2009 Stromash: Division 2"]
[Site "SchemingMind.com"]
[Date "2009.04.28"]
[Round "-"]
[White "Brerrabbit"]
[Black "cnile"]
[Result "1-0"]
[WhiteCountry "SCO"]
[BlackCountry "SCO"]
[WhiteElo "1341"]
[WhiteRD "77"]
[BlackElo "1512"]
[BlackRD "68"]
[GameID "202393"]

1. e4 c5 2. d4 cxd4 3. c3 dxc3 4. Nxc3 Nc6 5. Bc4 Nf6 6. Qe2 e5 7. Nf3 d6 8. Bg5 Be6 9. Bxe6 fxe6 10. Rd1 h6
11. Bxf6 Qxf6 12. Rxd6 Bxd6 13. Qb5 Rb8 14. Qa4 O-O 15. O-O a6 16. Qd1 Rfd8 17. a3 Bxa3 18. Nd5 Kf7 19. Qb3 Be7 20. Nxf6 Kxf6
21. Qc3 Bb4 22. Qc1 Rbc8 23. g4 Nd4 24. g5+ Kg6 25. Nxe5+ Kh7 26. g6+ Kg8 27. Qe3 Rc2 28. Nd3 Re2 29. Qc1 Bd2 30. Qc7 Rf8
31. f4 Be3+ 32. Kh1 e5 33. f5 Nb3 34. f6 Nd2 35. Qxg7#
1-0

[Event "The 2009 Stromash: Division 2"]
[Site "SchemingMind.com"]
[Date "2009.04.28"]
[Round "-"]
[White "Brerrabbit"]
[Black "classicalfiddler"]
[Result "0-1"]
[WhiteCountry "SCO"]
[BlackCountry "USA"]
[WhiteElo "1324"]
[WhiteRD "77"]
[BlackElo "1518"]
[BlackRD "73"]
[GameID "202395"]

1. e4 e5 2. Nf3 Nc6 3. Nc3 Nf6 4. Bb5 a6 5. Bc4 Bc5 6. d3 O-O 7. Ng5 d6 8. Nd5 h6 9. Nf3 b5 10. Bb3 Na5
11. O-O Nxb3 12. axb3 c6 13. Ne3 Bg4 14. h3 Be6 15. Qd2 d5 16. Nxe5 Qd6 17. f4 Rfe8 18. f5 Bd7 19. d4 Bb6 20. Rf3 Nxe4
21. Qe2 Bxd4 22. Nxd7 Qxd7 23. Rf4 Qd6 24. Qf3 Bb6 25. Kh1 f6 26. Rg4 Ng5 27. Qg3 Qxg3 28. Rxg3 d4 29. h4 Ne4 30. Rg6 dxe3
0-1

[Event "The 2009 Stromash: Division 2"]
[Site "SchemingMind.com"]
[Date "2009.04.28"]
[Round "-"]
[White "keen"]
[Black "Brerrabbit"]
[Result "0-1"]
[WhiteCountry "SCO"]
[BlackCountry "SCO"]
[WhiteElo "1654"]
[WhiteRD "58"]
[BlackElo "1324"]
[BlackRD "77"]
[GameID "202396"]

1. d4 d5 2. e3 Nc6 3. c3 Nf6 4. Bd3 e5 5. dxe5 Nxe5 6. Bc2 Bc5 7. Nf3 Nxf3+ 8. Qxf3 Bg4 9. Qf4 O-O 10. O-O Bd6
11. Qd4 c5 12. Qd3 Rc8 13. f3 c4 14. Qe2 Bh5 15. Nd2 Qc7 16. Qf2 Bxh2+ 17. Kh1 Bg3 18. Qe2 Rfe8 19. Rd1 Ne4 20. Nxe4 dxe4
21. Rd5 g6 22. Bd2 f5 23. Be1 exf3 24. gxf3 Bf4 25. Bd2 Qc6 26. e4 fxe4 27. Bxe4 Qf6 28. Bxf4 Qxf4 29. Rg1 Rxe4
0-1

[Event "The 2009 Stromash: Division 2"]
[Site "SchemingMind.com"]
[Date "2009.04.29"]
[Round "-"]
[White "cnile"]
[Black "Brerrabbit"]
[Result "1-0"]
[WhiteCountry "SCO"]
[BlackCountry "SCO"]
[WhiteElo "1512"]
[WhiteRD "68"]
[BlackElo "1341"]
[BlackRD "77"]
[GameID "202397"]

1. e4 e5 2. Nf3 Nc6 3. Bb5 Nf6 4. d3 Bc5 5. O-O d5 6. Nxe5 Bd7 7. exd5 Nxe5 8. Bxd7+ Qxd7 9. c4 O-O-O 10. Nc3 Rde8
11. Bf4 Nfg4 12. Bg3 Qf5 13. Ne4 g5 14. Nxc5 b6 15. Ne4 h5 16. h3 h4 17. Bxe5 Rxe5 18. Qxg4 Qxg4 19. hxg4 h3 20. gxh3 Rxh3
21. Rad1 f6 22. Nxf6 Rh4 23. Rfe1 Rxe1+ 24. Rxe1 Kb7 25. Kg2 Rh6 26. Ne4 Rh8 27. Nxg5 Rg8 28. f4 b5 29. b3 Rd8 30. Ne6 Rd6
31. Nc5+ Kb6 32. Ne6 c6 33. f5 cxd5 34. g5 dxc4 35. g6
1-0

[Event "The 2009 Stromash: Division 2"]
[Site "SchemingMind.com"]
[Date "2009.04.28"]
[Round "-"]
[White "classicalfiddler"]
[Black "Brerrabbit"]
[Result "1-0"]
[WhiteCountry "USA"]
[BlackCountry "SCO"]
[WhiteElo "1518"]
[WhiteRD "73"]
[BlackElo "1324"]
[BlackRD "77"]
[GameID "202399"]

1. e4 e5 2. Nf3 Nc6 3. Bb5 Nf6 4. O-O Bc5 5. c3 a6 6. Ba4 O-O 7. d4 exd4 8. cxd4 Bd6 9. Nc3 Bb4 10. a3 Ba5
11. b4 Bb6 12. d5 Ne7 13. Bg5 Ng6 14. Re1 d6 15. h3 a5 16. Bb3 h6 17. Bh4 Nh5 18. Bxd8
1-0

[Event "The 2009 Stromash: Division 2"]
[Site "SchemingMind.com"]
[Date "2009.05.01"]
[Round "-"]
[White "C6"]
[Black "Brerrabbit"]
[Result "1-0"]
[WhiteCountry "ENG"]
[BlackCountry "SCO"]
[WhiteElo "1727"]
[WhiteRD "107"]
[BlackElo "1341"]
[BlackRD "77"]
[GameID "202836"]

1. e4 e5 2. Nf3 Nc6 3. Bc4 Nf6 4. d3 Bc5 5. Be3 Bxe3 6. fxe3 d5 7. exd5 Nxd5 8. Qd2 O-O 9. O-O Be6 10. Bb3 b5
11. e4 Nf4 12. Nxe5 Nxe5 13. Rxf4 Ng4 14. h3 Nf6 15. Nc3 Rb8 16. e5 Nd5 17. Bxd5 Bxd5 18. Rd4 c6 19. Rg4 Re8 20. d4 b4
21. Nxd5 cxd5 22. b3 Re6 23. h4 Qb6 24. Qg5 Rg6 25. Qf5 Re6 26. Rf1 Rf8 27. h5 h6 28. Rgf4 Qc6 29. g4 Qd7 30. g5 Re7
31. gxh6 Qxf5 32. Rxf5 gxh6 33. Kf2 Kh7 34. Ke3 Rc7 35. Kd2 Kg7 36. Rg1+ Kh7 37. e6 f6 38. Rxd5 Rfc8 39. Rc1 Re8 40. Re1 Rce7=
41. Rd6 Kg7 42. d5 f5 43. Rg1+ Kf6 44. Rg6+ Ke5 45. Rd7 f4 46. Rxh6 f3 47. Ke3 Rf8 48. Kf2
1-0

[Event "The 2009 Stromash: Division 2"]
[Site "SchemingMind.com"]
[Date "2009.05.01"]
[Round "-"]
[White "C6"]
[Black "keen"]
[Result "1-0"]
[WhiteCountry "ENG"]
[BlackCountry "SCO"]
[WhiteElo "1770"]
[WhiteRD "107"]
[BlackElo "1654"]
[BlackRD "58"]
[GameID "202837"]

1. e4 c5 2. Nc3 d6 3. Bc4 Nc6 4. Nge2 Nf6 5. O-O Bd7 6. d3 g6 7. Bg5 Bg7 8. f3 O-O 9. Qd2 Na5 10. Bd5 Nxd5
11. exd5 b5 12. a3 f6 13. Bh6 Rf7 14. Bxg7 Kxg7 15. f4 Qb6 16. Kh1 Bg4 17. Ng3 Raf8 18. f5 a6 19. h3 Bxf5 20. Nxf5+ gxf5
21. Rxf5 c4 22. Qe2 Kh8 23. dxc4 Nxc4 24. Nd1 Ne5 25. Ne3 Rg7 26. h4 Rfg8 27. Rg1 Rg3 28. Nf1 Rh3+ 29. Nh2 Nf3 30. Rxf3 Rxh4
31. Qxe7
1-0

[Event "The 2009 Stromash: Division 2"]
[Site "SchemingMind.com"]
[Date "2009.05.01"]
[Round "-"]
[White "C6"]
[Black "cnile"]
[Result "0-1"]
[WhiteCountry "ENG"]
[BlackCountry "SCO"]
[WhiteElo "1727"]
[WhiteRD "107"]
[BlackElo "1512"]
[BlackRD "68"]
[GameID "202838"]

1. e4 c5 2. c3 Nc6 3. Nf3 Qc7 4. d4 cxd4 5. cxd4 e5 6. Be3 Nf6 7. Nc3 Bb4 8. a3 exd4 9. Nxd4 Bxc3+ 10. bxc3 Nxe4
11. Rc1 d5 12. Bb5 O-O 13. f3 Nf6 14. O-O Be6 15. Qd2 Rfe8 16. h3 a6 17. Bd3 Ne5 18. Bf4 Nfd7 19. Bf5 Bxf5 20. Bxe5 Nxe5
21. Nxf5 Qc4 22. Nd6 Qc5+ 23. Kh1 Qxd6 24. a4 Nc4 25. Qd3 Rac8 26. f4 g6 27. Rf3 Nb2 28. Qd2 Nxa4 29. h4 Re4 30. f5 Rxh4+
31. Rh3 Rxh3+ 32. gxh3 Nc5 33. Rg1 Ne4 34. Qd4 Rxc3 35. fxg6 Rxh3+ 36. Kg2 Qg3+ 37. Kf1 Qf3+ 38. Ke1 Qe3+ 39. Qxe3 Rxe3+ 40. Kd1 hxg6
41. Kc2 b5 42. Ra1 Rc3+
0-1

[Event "The 2009 Stromash: Division 2"]
[Site "SchemingMind.com"]
[Date "2009.05.01"]
[Round "-"]
[White "C6"]
[Black "classicalfiddler"]
[Result "1-0"]
[WhiteCountry "ENG"]
[BlackCountry "USA"]
[WhiteElo "1770"]
[WhiteRD "107"]
[BlackElo "1518"]
[BlackRD "73"]
[GameID "202840"]

1. e4 e5 2. Nf3 Nc6 3. Nc3 Nf6 4. Bc4 Nxe4 5. Nxe4 d5 6. Qe2 dxc4 7. Qxc4 Be6 8. Qd3 Bc5 9. Qxd8+ Rxd8 10. Nxc5 Bc8
11. d3 f6 12. Bd2 b6 13. Ne4 O-O 14. O-O-O Kh8 15. h3 Bf5 16. Rhe1 Nd4 17. Nxd4 exd4 18. Ng3 Bg6 19. f4 f5 20. Re5 c5
21. Rde1 Kg8 22. b3 h6 23. Re7 a5 24. R1e6 Rde8 25. Rxe8 Bxe8 26. Rxb6 Rf6 27. Bxa5
1-0

[Event "The 2009 Stromash: Division 2"]
[Site "SchemingMind.com"]
[Date "2009.05.02"]
[Round "-"]
[White "Brerrabbit"]
[Black "C6"]
[Result "0-1"]
[WhiteCountry "SCO"]
[BlackCountry "ENG"]
[WhiteElo "1324"]
[WhiteRD "77"]
[BlackElo "1770"]
[BlackRD "107"]
[GameID "202841"]

1. e4 e5 2. Nf3 Nc6 3. Nc3 Nf6 4. Bb5 Bd6 5. Bc4 Bc5 6. Ng5 O-O 7. d3 d6 8. Be3 Bxe3 9. fxe3 Qe7 10. d4 Na5
11. Bxf7+ Rxf7 12. Nxf7 Qxf7 13. O-O Nc4 14. Rf3 Qe7 15. Rg3 h5 16. Nd5 Nxd5 17. exd5 Qf7 18. Qf1 Qxf1+ 19. Kxf1 h4 20. Rg5 Bf5
21. Re1 Rf8 22. Ke2 e4 23. b3 Na3 24. g3 h3 25. g4 Bd7 26. c4 b5 27. Rg1 bxc4 28. Rg3 c3 29. Rg1 Bb5+ 30. Kd1 c2+
31. Kc1 Rf2 32. Kb2 Rd2 33. Kxa3 Rd1
0-1

[Event "The 2009 Stromash: Division 2"]
[Site "SchemingMind.com"]
[Date "2009.05.02"]
[Round "-"]
[White "keen"]
[Black "C6"]
[Result "0-1"]
[WhiteCountry "SCO"]
[BlackCountry "ENG"]
[WhiteElo "1654"]
[WhiteRD "58"]
[BlackElo "1770"]
[BlackRD "107"]
[GameID "202842"]

1. d4 d5 2. e3 Nf6 3. Bd3 g6 4. Nd2 Bf5 5. Bxf5 gxf5 6. Ngf3 Bh6 7. O-O Nc6 8. c4 Rg8 9. cxd5 Qxd5 10. Nb3 b6
11. e4 fxe4 12. Ne5 e3 13. fxe3 Qxg2#
0-1

[Event "The 2009 Stromash: Division 2"]
[Site "SchemingMind.com"]
[Date "2009.05.02"]
[Round "-"]
[White "cnile"]
[Black "C6"]
[Result "0-1"]
[WhiteCountry "SCO"]
[BlackCountry "ENG"]
[WhiteElo "1533"]
[WhiteRD "67"]
[BlackElo "1770"]
[BlackRD "107"]
[GameID "202843"]

1. d4 d5 2. c4 Nf6 3. Nf3 Nc6 4. Bg5 Be6 5. e3 Ne4 6. Nc3 Nxg5 7. Nxg5 Qd7 8. Nxe6 fxe6 9. cxd5 exd5 10. Bb5 e6
11. O-O Qd6 12. Rc1 Be7 13. Qa4 O-O 14. Rfd1 e5 15. Nxd5 Bh4 16. e4 Bxf2+ 17. Kh1 exd4 18. Bxc6 Qh6 19. Bxb7 Bg3 20. h3 d3
21. Rxd3 Qxc1+ 22. Rd1 Rf1+ 23. Rxf1 Qxf1#
0-1

[Event "The 2009 Stromash: Division 2"]
[Site "SchemingMind.com"]
[Date "2009.05.01"]
[Round "-"]
[White "classicalfiddler"]
[Black "C6"]
[Result "0-1"]
[WhiteCountry "USA"]
[BlackCountry "ENG"]
[WhiteElo "1518"]
[WhiteRD "73"]
[BlackElo "1770"]
[BlackRD "107"]
[GameID "202845"]

1. e4 e5 2. Nf3 Nc6 3. Bb5 d6 4. d4 Bd7 5. Nc3 exd4 6. Nxd4 Nxd4 7. Qxd4 c6 8. Bd3 Qe7 9. O-O c5 10. Qe3 Bc6
11. b3 O-O-O 12. Re1 Re8 13. f3 Nf6 14. Bd2 Qd7 15. Qf2 b6 16. Rad1 h6 17. Kh1 g5 18. a3 Bg7 19. Na2 Nh5 20. c4 Nf4
21. Bxf4 gxf4 22. Nc3 Bxc3 23. Re2 Bd4 24. Qe1 f6 25. Qh4 Be5 26. b4 h5 27. b5 Bb7 28. a4 Qg7 29. Qh3+ Kc7 30. Qh4 Reg8
31. Rg1 Qg5 32. Qe1 h4 33. a5 Qg3 34. hxg3 hxg3#
0-1